Computer Organisation (Record no. 8244)

MARC details
000 -LEADER
fixed length control field 00445nam a2200181Ia 4500
008 - FIXED-LENGTH DATA ELEMENTS--GENERAL INFORMATION
fixed length control field 221030s9999 xx 000 0 und d
020 ## - INTERNATIONAL STANDARD BOOK NUMBER
ISBN 007120413
041 ## - LANGUAGE CODE
Language code of text/sound track or separate title
082 ## - DEWEY DECIMAL CLASSIFICATION NUMBER
Classification number 105.23
Item number Ham
100 ## - MAIN ENTRY--AUTHOR NAME
Personal name C. Hamacher
245 #0 - TITLE STATEMENT
Title Computer Organisation
Statement of responsibility, etc by C. Hamacher, Z. Vranesic
250 ## - EDITION STATEMENT
Edition statement 5th
260 ## - PUBLICATION, DISTRIBUTION, ETC. (IMPRINT)
Name of publisher McGraw Hill Pub.
Place of publication New Delhi
Year of publication 2002
300 ## - PHYSICAL DESCRIPTION
Number of Pages 805
650 ## - SUBJECT ADDED ENTRY--TOPICAL TERM
Topical Term BE Computer
700 ## - ADDED ENTRY--PERSONAL NAME
Personal name Z. Vranesic
942 ## - ADDED ENTRY ELEMENTS (KOHA)
Koha item type Books
Holdings
Accession Number Cost, normal purchase price Full call number Price effective from Koha item type Withdrawn / writtenoff status Materials specified (bound volume or other part) Damaged status Not for loan Permanent Location Current Location Shelving location Date acquired Lost/ Missing status department
BE 6452 279.00 105.23 Ham 10/30/2022 Books   Print   Not For Loan MIET Library, Jammu MIET Library, Jammu BL-Second, FL-1, CUP-22, SH-4, R-4 03/12/2003   BE
BE 6453 279.00 105.23 Ham 10/30/2022 Books   Print     MIET Library, Jammu MIET Library, Jammu BL-Academic Blockc, FL-2, CUP-105, SH-1, R-1 03/12/2003   BE
BE 6455 279.00 105.23 Ham 10/30/2022 Books   Print     MIET Library, Jammu MIET Library, Jammu BL-Academic Block A, FL-1, CUP-105, SH-1, R-1 03/12/2003   BE
BE 6456 279.00 105.23 Ham 10/30/2022 Books   Print     MIET Library, Jammu MIET Library, Jammu BL-Academic Block C, FL-2, CUP-105, SH-1, R-1 03/12/2003   BE